00712nam a2200229Ia 4500003000400000005001700004008004100021020001800062040001800080041000800098082001800106100002400124245008300148250001200231260006600243300002700309650001600336650002900352650005100381650002700432650002300459OSt20241016101704.0210716s2008 xx 000 0 und d a9780070667655 cAIMIT LIBRARY aeng a005.73 bMUKS aMukherjee, Sudipta. aData structures using c:b1000 problems and solutions /cBy Sudipta Mukherjee. a1st ed. aNew Delhi :bTata McGraw Hill Publishing Company Ltd ,c2008. axx,550 p.;bPBc25 cm. aLinked list aStrings database to dnai aRecursion time and againi explorer to genetics aWaiting or privileged  aMathematics to win